[Event "Benedictine op 5th"]
[Site "Manchester"]
[Date "1982.09.08"]
[Round "1"]
[White "King, Daniel J"]
[Black "Grooten, Herman"]
[Result "0-1"]
[WhiteElo "2430"]
[BlackElo "2305"]
[PlyCount "83"]
[EventDate "1982.09.08"]
[EventType "swiss"]
[EventRounds "9"]
[EventCountry "ENG"]
[SourceTitle "StarBase 2.74"]
[Source "Pickard & Son"]
[SourceDate "2001.12.15"]
[SourceVersion "1"]
[SourceVersionDate "2001.12.15"]
[SourceQuality "2"]

1. e4 c5 2. Nf3 d6 3. Bb5+ Nc6 4. O-O Bd7 5. Re1 a6 6. Bf1 Nf6 7. c3 e6 8. d4
cxd4 9. cxd4 d5 10. e5 Ne4 11. Nbd2 Nxd2 12. Bxd2 Na5 13. b4 Nc4 14. Bxc4 dxc4
15. d5 exd5 16. Nd4 Be6 17. Bc3 g6 18. f4 Bg7 19. Qf3 O-O 20. g4 Qh4 21. f5 Bd7
22. h3 h5 23. Qg2 gxf5 24. gxf5 Kh7 25. Kh1 Bh6 26. Qf3 Rg8 27. Rg1 Bf4 28. e6
Bg3 29. Qg2 Bf2 30. Qf3 Bxg1 31. Rxg1 Rxg1+ 32. Kxg1 Rg8+ 33. Kh2 Qg5 34. Qf2
fxe6 35. Nxe6 Bxe6 36. fxe6 Qg6 37. Bf6 c3 38. Bxc3 Qxe6 39. Bd4 Rg5 40. Qf3
Rf5 41. Qg2 Qg6 42. Qc2 {Source: StarBase 2.74} 0-1

[Event "Benedictine op 5th"]
[Site "Manchester"]
[Date "1982.09.08"]
[Round "1"]
[White "Knox, Victor W"]
[Black "Tisdall, Jonathan D"]
[Result "1/2-1/2"]
[WhiteElo "2305"]
[BlackElo "2435"]
[PlyCount "82"]
[EventDate "1982.09.08"]
[EventType "swiss"]
[EventRounds "9"]
[EventCountry "ENG"]
[SourceTitle "Bulletin 1982"]

1. e4 c5 2. Nf3 e6 3. d4 cxd4 4. Nxd4 a6 5. Nc3 Qc7 6. Bd3 Nc6 7. Nxc6 bxc6 8.
O-O Nf6 9. f4 d5 10. b3 Be7 11. Bb2 Bb7 12. e5 Nd7 13. Kh1 g6 14. Qd2 c5 15.
Rae1 Nb6 16. Nd1 O-O 17. Ne3 d4 18. Ng4 Nd5 19. c4 dxc3 20. Bxc3 Nxc3 21. Qxc3
Rad8 22. Be4 Rd4 23. Bxb7 Qxb7 24. Nf6+ Kg7 25. Qe3 Rfd8 26. Ne4 Qd5 27. Re2
Rd3 28. Qf2 c4 29. bxc4 Qxc4 30. h3 R8d4 31. Rc2 Qd5 32. Nc3 Qc6 33. Nb1 Qb7
34. Kh2 Rb4 35. Nd2 Rb2 36. Nb3 Rxc2 37. Qxc2 Qb5 38. Rd1 Rxd1 39. Qxd1 Qc4 40.
Qd4 Qc2 41. Qd7 Qxa2 {Source: Bulletin 1982} 1/2-1/2

[Event "Benedictine op 5th"]
[Site "Manchester"]
[Date "1982.09.08"]
[Round "1"]
[White "Horner, Jeff"]
[Black "Hanreck, Alan E"]
[Result "1-0"]
[WhiteElo "2360"]
[BlackElo "2290"]
[PlyCount "73"]
[EventDate "1982.09.08"]
[EventType "swiss"]
[EventRounds "9"]
[EventCountry "ENG"]
[SourceTitle "Bulletin 1982"]

1. e4 c5 2. f4 e6 3. Nf3 a6 4. c4 b6 5. Nc3 Bb7 6. d4 cxd4 7. Nxd4 Nf6 8. Bd3
d6 9. Be3 Nbd7 10. O-O Be7 11. b4 Rc8 12. Rc1 O-O 13. a3 Re8 14. Qf3 Bf8 15.
Qh3 g6 16. f5 exf5 17. exf5 Ne5 18. fxg6 hxg6 19. Bg5 Be7 20. Rce1 Nfg4 21.
Bxe7 Qxe7 22. Qg3 Qd8 23. Qf4 Rc7 24. Be2 f5 25. Bxg4 fxg4 26. Nd5 Bxd5 27.
cxd5 Rf7 28. Qg3 Ref8 29. Rxf7 Rxf7 30. Ne6 Qc8 31. Qe3 Qc4 32. Qxb6 Nd3 33.
Qd8+ Kh7 34. Qe8 Ra7 35. Nf8+ Kg8 36. Nd7+ Kh7 37. Qe7+ {Source: Bulletin 1982}
1-0

[Event "Benedictine op 5th"]
[Site "Manchester"]
[Date "1982.09.08"]
[Round "1"]
[White "Hjorth, Greg"]
[Black "Pytel, Krzysztof"]
[Result "1-0"]
[WhiteElo "2270"]
[BlackElo "2405"]
[PlyCount "65"]
[EventDate "1982.09.08"]
[EventType "swiss"]
[EventRounds "9"]
[EventCountry "ENG"]
[SourceTitle "Bulletin 1982"]

1. e4 c5 2. d4 cxd4 3. c3 dxc3 4. Nxc3 Nc6 5. Nf3 e6 6. Bc4 Bb4 7. O-O Nge7 8.
Qe2 O-O 9. Rd1 a6 10. Bf4 Ng6 11. Bg3 b5 12. Bb3 Qb6 13. Rac1 f6 14. a3 Be7 15.
Nd5 exd5 16. exd5 Na5 17. Bc7 Qxc7 18. Rxc7 Nxb3 19. d6 Bd8 20. Qe4 Rb8 21.
Qd5+ Kh8 22. Qxb3 Bxc7 23. dxc7 Rb7 24. Qc2 Nf4 25. Nd4 Re8 26. Qd2 Ng6 27. Re1
Rf8 28. Qc3 f5 29. Qc5 d5 30. Qc6 b4 31. a4 Kg8 32. Re8 Kf7 33. Rxc8 {Source:
Bulletin 1982} 1-0

[Event "Benedictine op 5th"]
[Site "Manchester"]
[Date "1982.09.08"]
[Round "1"]
[White "Casa, Alex"]
[Black "Flear, Glenn C"]
[Result "0-1"]
[WhiteElo "2230"]
[BlackElo "2365"]
[PlyCount "62"]
[EventDate "1982.09.08"]
[EventType "swiss"]
[EventRounds "9"]
[EventCountry "ENG"]
[SourceTitle "Bulletin 1982"]

1. e4 e5 2. Nf3 Nc6 3. d4 exd4 4. c3 Nf6 5. e5 Ne4 6. Qe2 f5 7. exf6 d5 8. Nbd2
Qxf6 9. Nxe4 dxe4 10. Qxe4+ Qe6 11. Bd3 dxc3 12. bxc3 Qxe4+ 13. Bxe4 Be6 14.
O-O O-O-O 15. Be3 Bc4 16. Rfe1 Bd6 17. Nd4 Ne7 18. Bg5 Rde8 19. Nf5 Nxf5 20.
Bxf5+ Kb8 21. a4 a5 22. Be3 Re5 23. Bc2 Rhe8 24. Red1 h6 25. g3 Be2 26. Rd2 Bf3
27. Kf1 R8e7 28. Bd4 Rh5 29. h4 Bf4 30. Rdd1 c5 31. Bg6 Bxd1 {Source: Bulletin
1982} 0-1

[Event "Benedictine op 5th"]
[Site "Manchester"]
[Date "1982.09.08"]
[Round "1"]
[White "Leski, Marc"]
[Black "Hodgson, Julian M"]
[Result "1-0"]
[WhiteElo "2250"]
[BlackElo "2385"]
[PlyCount "61"]
[EventDate "1982.09.08"]
[EventType "swiss"]
[EventRounds "9"]
[EventCountry "ENG"]
[SourceTitle "Bulletin 1982"]

1. d4 b5 2. e4 Bb7 3. Bd3 c5 4. dxc5 e6 5. Be3 Na6 6. Nc3 Nxc5 7. Bxc5 Bxc5 8.
Bxb5 f5 9. Nf3 Bxe4 10. O-O Nf6 11. Ne5 Bb7 12. Re1 O-O 13. Nxd7 Bxf2+ 14. Kxf2
Ng4+ 15. Ke2 Qh4 16. Nxf8 Qf2+ 17. Kd3 Rxf8 18. Kc4 Qb6 19. Qd7 a6 20. Qxe6+
Qxe6+ 21. Rxe6 axb5+ 22. Kxb5 Bxg2 23. Rg1 Ba8 24. h3 Nf2 25. Re7 g6 26. h4 Ne4
27. Nxe4 Bxe4 28. Rxe4 fxe4 29. b4 Rf2 30. c4 Rxa2 31. Re1 {Source: Bulletin
1982} 1-0

[Event "Benedictine op 5th"]
[Site "Manchester"]
[Date "1982.09.08"]
[Round "1"]
[White "Hebden, Mark L"]
[Black "Upton, Timothy J"]
[Result "1-0"]
[WhiteElo "2415"]
[BlackElo "2295"]
[PlyCount "57"]
[EventDate "1982.09.08"]
[EventType "swiss"]
[EventRounds "9"]
[EventCountry "ENG"]
[SourceTitle "Bulletin 1982"]

1. e4 e5 2. f4 exf4 3. Nf3 d5 4. exd5 Nf6 5. Bc4 Nxd5 6. O-O Be7 7. d4 O-O 8.
Bxd5 Qxd5 9. Bxf4 c5 10. Nc3 Qf5 11. Qd2 Nc6 12. d5 Nb4 13. Rae1 Bf6 14. Bd6
Rd8 15. Bxc5 Nxc2 16. Nd4 Bxd4+ 17. Bxd4 Qg6 18. Re7 Bf5 19. Rxb7 Re8 20. Bc5
Rac8 21. b4 a5 22. d6 Bd3 23. d7 Bxf1 24. dxc8=Q Rxc8 25. Nd5 Kh8 26. Ne7 Qxg2+
27. Qxg2 Bxg2 28. Kxg2 Rd8 29. bxa5 {Source: Bulletin 1982} 1-0

[Event "Benedictine op 5th"]
[Site "Manchester"]
[Date "1982.09.08"]
[Round "1"]
[White "Short, Nigel David"]
[Black "Van Mil, Johannes A J"]
[Result "1-0"]
[WhiteElo "2485"]
[BlackElo "2315"]
[PlyCount "51"]
[EventDate "1982.09.08"]
[EventType "swiss"]
[EventRounds "9"]
[EventCountry "ENG"]
[SourceTitle "Bulletin 1982"]

1. e4 c5 2. Nf3 d6 3. d4 cxd4 4. Nxd4 Nf6 5. Nc3 e6 6. g3 Nc6 7. Bg2 Bd7 8. O-O
Be7 9. a4 O-O 10. Re1 a6 11. Nxc6 Bxc6 12. a5 d5 13. exd5 Nxd5 14. Nxd5 Bxd5
15. Bxd5 exd5 16. Re3 Bc5 17. Rd3 Qf6 18. Bf4 Rad8 19. Rb1 Bb4 20. Rxd5 Bxa5
21. Bg5 Rxd5 22. Qxd5 Qb6 23. b4 Bxb4 24. Be7 a5 25. Bxf8 Kxf8 26. c3 {Source:
Bulletin 1982} 1-0

[Event "Benedictine op 5th"]
[Site "Manchester"]
[Date "1982.09.08"]
[Round "1"]
[White "Sznapik, Aleksander"]
[Black "Leverett, Bruce W"]
[Result "1/2-1/2"]
[WhiteElo "2480"]
[BlackElo "2310"]
[PlyCount "51"]
[EventDate "1982.09.08"]
[EventType "swiss"]
[EventRounds "9"]
[EventCountry "ENG"]
[SourceTitle "StarBase 2.74"]
[Source "Pickard & Son"]
[SourceDate "2001.12.15"]
[SourceVersion "1"]
[SourceVersionDate "2001.12.15"]
[SourceQuality "2"]

1. e4 e6 2. d4 d5 3. Nd2 c5 4. exd5 exd5 5. Ngf3 Nc6 6. Bb5 Bd6 7. dxc5 Bxc5 8.
O-O Nge7 9. Nb3 Bb6 10. Re1 O-O 11. Bg5 h6 12. Be3 Bxe3 13. Rxe3 Bg4 14. Qd2
Qd6 15. Nbd4 a6 16. Bxc6 Nxc6 17. h3 Bxf3 18. Nxf3 Rad8 19. Rd1 Qf6 20. Rb3 Rd7
21. Qc3 Qxc3 22. Rxc3 g6 23. a3 Rfd8 24. Nd4 Nxd4 25. Rxd4 Kf8 26. Kf1 {
Source: StarBase 2.74} 1/2-1/2

[Event "Benedictine op 5th"]
[Site "Manchester"]
[Date "1982.09.08"]
[Round "1"]
[White "Lee, Graham D"]
[Black "Kudrin, Sergey"]
[Result "0-1"]
[WhiteElo "2310"]
[BlackElo "2480"]
[PlyCount "46"]
[EventDate "1982.09.08"]
[EventType "swiss"]
[EventRounds "9"]
[EventCountry "ENG"]
[SourceTitle "Bulletin 1982"]

1. e4 c5 2. c3 d5 3. exd5 Qxd5 4. d4 e6 5. Nf3 Nf6 6. Bd3 Be7 7. O-O O-O 8. c4
Qh5 9. dxc5 Rd8 10. Bf4 Qxc5 11. a3 Nc6 12. b4 Qh5 13. Re1 e5 14. Nxe5 Nxe5 15.
Bxe5 Ng4 16. Bc7 Bh4 17. Ra2 Bf5 18. Bxd8 Bxf2+ 19. Rxf2 Qxh2+ 20. Kf1 Rxd8 21.
Bxf5 Ne3+ 22. Ke2 Nxd1 23. Rxd1 Qe5+ {Source: Bulletin 1982} 0-1

[Event "Benedictine op 5th"]
[Site "Manchester"]
[Date "1982.09.09"]
[Round "2"]
[White "Berg, Klaus"]
[Black "Hebden, Mark L"]
[Result "0-1"]
[WhiteElo "2335"]
[BlackElo "2415"]
[PlyCount "116"]
[EventDate "1982.09.08"]
[EventType "swiss"]
[EventRounds "9"]
[EventCountry "ENG"]
[SourceTitle "Bulletin 1982"]

1. Nf3 Nf6 2. c4 g6 3. Nc3 Bg7 4. e4 d6 5. d4 O-O 6. Be2 e5 7. O-O Nc6 8. d5
Ne7 9. Ne1 Nd7 10. Nd3 f5 11. Bd2 Nf6 12. f3 f4 13. c5 g5 14. cxd6 cxd6 15. Rc1
Ng6 16. Nb5 Rf7 17. Qc2 Ne8 18. a4 Bf8 19. Nf2 Bd7 20. a5 h5 21. h3 Nh4 22. Qb3
Be7 23. Rc2 Qb8 24. Rfc1 Bd8 25. Na3 a6 26. Nc4 Bb5 27. Qa3 Ng6 28. Be1 Nf8 29.
Nb6 Bxb6 30. axb6 Bxe2 31. Rxe2 Qd8 32. Ba5 Nd7 33. Rec2 Ndf6 34. Rc4 Rg7 35.
Rc7 Nxc7 36. bxc7 Qd7 37. c8=Q+ Rxc8 38. Rxc8+ Qxc8 39. Qxd6 g4 40. fxg4 Qc1+
41. Kh2 hxg4 42. Qe6+ Kh8 43. hxg4 Rh7+ 44. Nh3 Rxh3+ 45. gxh3 Qxb2+ 46. Kg1
Qb1+ 47. Kh2 Qc2+ 48. Kg1 Qd1+ 49. Kh2 Qe2+ 50. Kg1 Qe3+ 51. Kf1 Qxh3+ 52. Ke1
Qh4+ 53. Ke2 Kg7 54. Bc3 f3+ 55. Kxf3 Qh3+ 56. Ke2 Qxc3 57. d6 Qc2+ 58. Kf1
Qd3+ {Source: Bulletin 1982} 0-1

[Event "Benedictine op 5th"]
[Site "Manchester"]
[Date "1982.09.09"]
[Round "2"]
[White "Horner, Jeff"]
[Black "Kraidman, Yair"]
[Result "1/2-1/2"]
[WhiteElo "2360"]
[BlackElo "2435"]
[PlyCount "103"]
[EventDate "1982.09.08"]
[EventType "swiss"]
[EventRounds "9"]
[EventCountry "ENG"]
[SourceTitle "Bulletin 1982"]

1. e4 e5 2. Nf3 Nc6 3. Bb5 a6 4. Ba4 Nf6 5. d3 d6 6. c3 Be7 7. Nbd2 O-O 8. O-O
b5 9. Bc2 d5 10. Re1 dxe4 11. dxe4 Be6 12. h3 Nd7 13. Nf1 Nb6 14. b3 b4 15. Bd2
a5 16. Ne3 f6 17. Qe2 bxc3 18. Bxc3 Bb4 19. Red1 Qe7 20. Bb2 Rfd8 21. Nd5 Qf7
22. Rac1 Bd6 23. Bb1 Nb4 24. Nxb6 cxb6 25. a3 Na6 26. Rc6 Bc5 27. Rxd8+ Rxd8
28. Rxe6 Qxe6 29. Bd3 Rxd3 30. Qxd3 Nc7 31. Qd8+ Ne8 32. a4 Kf8 33. Nd2 Qc6 34.
Qd3 Nc7 35. Nc4 Ne6 36. Kf1 Ke7 37. Bc1 Qd7 38. Qc2 Nd4 39. Qd3 b5 40. axb5
Qxb5 41. Be3 Nxb3 42. Qd5 a4 43. Kg1 Nd4 44. Bxd4 exd4 45. e5 Qb4 46. Qg8 d3
47. Qxg7+ Kd8 48. Qg8+ Kc7 49. Qxh7+ Kc6 50. Qe4+ Kc7 51. Qh7+ Kc6 52. Qe4+ {
Source: Bulletin 1982} 1/2-1/2

[Event "Benedictine op 5th"]
[Site "Manchester"]
[Date "1982.09.09"]
[Round "2"]
[White "Grooten, Herman"]
[Black "Forintos, Gyozo V"]
[Result "0-1"]
[WhiteElo "2305"]
[BlackElo "2410"]
[PlyCount "90"]
[EventDate "1982.09.08"]
[EventType "swiss"]
[EventRounds "9"]
[EventCountry "ENG"]
[SourceTitle "Bulletin 1982"]

1. d4 e6 2. c4 b6 3. e4 Bb7 4. Nc3 Bb4 5. d5 Bxc3+ 6. bxc3 d6 7. c5 exd5 8.
exd5 dxc5 9. c4 Qf6 10. Qe2+ Qe7 11. Bb2 Qxe2+ 12. Nxe2 Nf6 13. Bxf6 gxf6 14.
Ng3 Nd7 15. f4 O-O-O 16. Kf2 c6 17. Nf5 Nf8 18. Nh6 Rd7 19. Be2 cxd5 20. Bg4
Kc7 21. Bxd7 Nxd7 22. cxd5 Bxd5 23. Rhd1 Be6 24. Rac1 f5 25. g4 Nf6 26. gxf5
Bd5 27. h3 Kc6 28. Ng4 Nxg4+ 29. hxg4 b5 30. Rd2 a5 31. a3 c4 32. Rcd1 Rd8 33.
Rh1 c3 34. Rh6+ Kc5 35. Rc2 b4 36. axb4+ axb4 37. Rxh7 Kd4 38. Rh3 Rc8 39. Ke2
Bc4+ 40. Ke1 Re8+ 41. Kf2 Bd3 42. Ra2 c2 43. Ra7 Re2+ 44. Kf3 Re3+ 45. Kg2 Be4+
{Source: Bulletin 1982} 0-1

[Event "Benedictine op 5th"]
[Site "Manchester"]
[Date "1982.09.09"]
[Round "2"]
[White "Flear, Glenn C"]
[Black "Prie, Eric"]
[Result "1/2-1/2"]
[WhiteElo "2365"]
[BlackElo "2205"]
[PlyCount "86"]
[EventDate "1982.09.08"]
[EventType "swiss"]
[EventRounds "9"]
[EventCountry "ENG"]
[SourceTitle "Bulletin 1982"]

1. d4 e6 2. c4 b6 3. e4 Bb7 4. Bd3 Bb4+ 5. Bd2 Qe7 6. Nf3 f5 7. Bxb4 Qxb4+ 8.
Qd2 Qxd2+ 9. Nbxd2 fxe4 10. Bxe4 Bxe4 11. Nxe4 Nf6 12. Nc3 O-O 13. O-O-O Na6
14. Rhe1 c6 15. Ne5 Rac8 16. Kb1 d6 17. Nd3 Kf7 18. Rd2 g6 19. Rde2 Rfe8 20. h3
h6 21. b3 Rcd8 22. Kb2 Rd7 23. Re3 c5 24. Rf3 Kg7 25. Nf4 cxd4 26. Nxe6+ Rxe6
27. Rxe6 dxc3+ 28. Kxc3 Ng8 29. Re8 Nc7 30. Rb8 Nf6 31. Kb2 Ne6 32. h4 Ng4 33.
Re8 Nd4 34. Rf4 Nf6 35. Rc8 Nf5 36. g3 h5 37. Ra8 Ng4 38. Ka3 Ne5 39. Re4 Rc7
40. Re2 Kf6 41. Rf8+ Kg7 42. Ra8 Kf7 43. Rh8 Kg7 {Source: Bulletin 1982}
1/2-1/2

[Event "Benedictine op 5th"]
[Site "Manchester"]
[Date "1982.09.09"]
[Round "2"]
[White "McNab, Colin Anderson"]
[Black "Short, Nigel David"]
[Result "1-0"]
[WhiteElo "2360"]
[BlackElo "2485"]
[PlyCount "83"]
[EventDate "1982.09.08"]
[EventType "swiss"]
[EventRounds "9"]
[EventCountry "ENG"]
[SourceTitle "Bulletin 1982"]

1. c4 b6 2. Nf3 e6 3. g3 Bb7 4. Bg2 Nf6 5. O-O c5 6. d3 d5 7. Ne5 Bd6 8. Qa4+
Kf8 9. f4 Qe8 10. Qxe8+ Kxe8 11. Nc3 Na6 12. Nb5 Bb8 13. a3 Ke7 14. Rb1 Nc7 15.
Nc3 Nfe8 16. b4 f6 17. bxc5 fxe5 18. fxe5 Bc6 19. cxb6 axb6 20. Bg5+ Kd7 21.
cxd5 Nxd5 22. Rf7+ Kc8 23. Rc1 Bc7 24. Ne4 Bxe5 25. Rxc6+ Nec7 26. Nd6+ Bxd6
27. Rxd6 Rxa3 28. Bxd5 Nxd5 29. Rxe6 h6 30. Rc6+ Kb8 31. Bf4+ Ka8 32. Rxg7 Ra2
33. Re6 b5 34. Rgg6 b4 35. Be5 Rf8 36. Ra6+ Rxa6 37. Rxa6+ Kb7 38. Rxh6 b3 39.
Bd4 Kc7 40. e4 Ne7 41. Be5+ Kd7 42. Rd6+ {Source: Bulletin 1982} 1-0

[Event "Benedictine op 5th"]
[Site "Manchester"]
[Date "1982.09.09"]
[Round "2"]
[White "Tisdall, Jonathan D"]
[Black "Holmes, Richard F"]
[Result "0-1"]
[WhiteElo "2435"]
[BlackElo "2240"]
[PlyCount "74"]
[EventDate "1982.09.08"]
[EventType "swiss"]
[EventRounds "9"]
[EventCountry "ENG"]
[SourceTitle "Bulletin 1982"]

1. d4 Nf6 2. c4 g6 3. Nc3 Bg7 4. e4 d6 5. Be2 O-O 6. Nf3 e5 7. d5 Nbd7 8. Bg5
h6 9. Bh4 a5 10. Nd2 Nc5 11. O-O Qe8 12. Rb1 Nh7 13. f3 f5 14. a3 a4 15. Qc2 h5
16. Bf2 b6 17. exf5 gxf5 18. Nb5 Qf7 19. b4 axb3 20. Nxb3 Bh6 21. Nxc5 bxc5 22.
Bd3 Kh8 23. Kh1 Rg8 24. Be1 Nf8 25. Bc3 Ng6 26. Rf2 h4 27. Bd2 Bxd2 28. Qxd2
Nf4 29. Rg1 Qh7 30. Bb1 Rg7 31. Qb2 Ba6 32. a4 Rag8 33. Rd2 Rg3 34. Qc2 Bc8 35.
Rf1 h3 36. gxh3 Qxh3 37. Rdf2 Rg2 {Source: Bulletin 1982} 0-1

[Event "Benedictine op 5th"]
[Site "Manchester"]
[Date "1982.09.09"]
[Round "2"]
[White "Miles, Anthony J"]
[Black "Levacic, Damir"]
[Result "1-0"]
[WhiteElo "2565"]
[BlackElo "2255"]
[PlyCount "65"]
[EventDate "1982.09.08"]
[EventType "swiss"]
[EventRounds "9"]
[EventCountry "ENG"]
[SourceTitle "Bulletin 1982"]

1. d4 Nf6 2. Nf3 e6 3. c4 b6 4. a3 Bb7 5. Nc3 d5 6. cxd5 Nxd5 7. Qc2 c5 8. e4
Nxc3 9. bxc3 Nc6 10. Bd3 cxd4 11. cxd4 Rc8 12. O-O Be7 13. Qe2 O-O 14. Bb2 Bf6
15. Rad1 g6 16. Rfe1 Bg7 17. h4 e5 18. d5 Nd4 19. Nxd4 exd4 20. h5 Qg5 21. hxg6
hxg6 22. Bb1 Qe7 23. Qd3 Rfd8 24. Bxd4 Bxd4 25. Qxd4 Qxa3 26. Re3 Qf8 27. d6
Rc5 28. Ba2 Qg7 29. e5 Bc8 30. Rde1 Bd7 31. Rf3 Be6 32. Bxe6 fxe6 33. Qg4 {
Source: Bulletin 1982} 1-0

[Event "Benedictine op 5th"]
[Site "Manchester"]
[Date "1982.09.09"]
[Round "2"]
[White "Kudrin, Sergey"]
[Black "Leski, Marc"]
[Result "1-0"]
[WhiteElo "2480"]
[BlackElo "2250"]
[PlyCount "59"]
[EventDate "1982.09.08"]
[EventType "swiss"]
[EventRounds "9"]
[EventCountry "ENG"]
[SourceTitle "BCM-1982-11 & Bull"]

1. e4 d6 2. d4 Nf6 3. Nc3 g6 4. g3 Bg7 5. Bg2 O-O 6. Nge2 Nbd7 7. O-O e5 8. h3
exd4 9. Nxd4 Re8 10. a4 Nc5 11. Re1 a5 12. g4 d5 13. exd5 Rxe1+ 14. Qxe1 Nxg4
15. hxg4 Bxd4 16. Be3 Bxe3 17. Qxe3 Na6 18. g5 Bf5 19. Be4 Nb4 20. Bxf5 gxf5
21. Rd1 Ra6 22. f4 h6 23. Kf2 Rg6 24. Qe5 hxg5 25. Rh1 Rg7 26. Qxf5 c6 27. d6
Rg6 28. Qe5 f6 29. Qe6+ Kg7 30. f5 {Source: Bulletin 1982 & BCM, Nov 1982, p485
} 1-0

[Event "Benedictine op 5th"]
[Site "Manchester"]
[Date "1982.09.09"]
[Round "2"]
[White "Upton, Timothy J"]
[Black "Banks, S Thomas"]
[Result "1-0"]
[WhiteElo "2295"]
[BlackElo "2220"]
[PlyCount "57"]
[EventDate "1982.09.08"]
[EventType "swiss"]
[EventRounds "9"]
[EventCountry "ENG"]
[SourceTitle "Bulletin 1982"]

1. e4 d6 2. d4 Nf6 3. Nc3 g6 4. f4 Bg7 5. Nf3 O-O 6. Be2 c6 7. O-O b5 8. e5
Nfd7 9. Ne4 Nb6 10. h4 Bb7 11. Bd3 h5 12. exd6 exd6 13. f5 c5 14. Neg5 gxf5 15.
Bxf5 N8d7 16. Ne5 Nf6 17. Ne6 Qe7 18. Nxg7 dxe5 19. Nxh5 Nxh5 20. Qxh5 f6 21.
dxe5 Bd5 22. Bh6 fxe5 23. Bxf8 Rxf8 24. Bh7+ Kg7 25. Rxf8 Qxf8 26. Rf1 Qd6 27.
Bd3 e4 28. Bxe4 Bxe4 29. Qf7+ {Source: Bulletin 1982} 1-0

[Event "Benedictine op 5th"]
[Site "Manchester"]
[Date "1982.09.09"]
[Round "2"]
[White "Parameswaran, Tiruchi N"]
[Black "Whitehead, Clare E"]
[Result "1-0"]
[WhiteElo "2390"]
[BlackElo "1955"]
[PlyCount "55"]
[EventDate "1982.09.08"]
[EventType "swiss"]
[EventRounds "9"]
[EventCountry "ENG"]
[SourceTitle "Bulletin 1982"]

1. d4 d5 2. Nf3 Nf6 3. c4 e6 4. g3 c5 5. cxd5 exd5 6. Bg2 Be7 7. O-O O-O 8. Nc3
Nc6 9. Bg5 Be6 10. dxc5 d4 11. Bxf6 Bxf6 12. Ne4 Be7 13. Qa4 Bd5 14. Nd6 Bxd6
15. cxd6 Qxd6 16. Rfd1 Rfd8 17. Rd2 Rd7 18. Rad1 Rad8 19. Nxd4 Bxg2 20. Nf3 Qe7
21. Rxd7 Rxd7 22. Rxd7 Qxd7 23. Kxg2 Qd5 24. Qg4 f5 25. Qf4 Qxa2 26. Qxf5 Qxb2
27. Qe6+ Kf8 28. Ng5 {Source: Bulletin 1982} 1-0

[Event "Benedictine op 5th"]
[Site "Manchester"]
[Date "1982.09.10"]
[Round "3"]
[White "Lee, Graham D"]
[Black "Muir, Andrew Joseph"]
[Result "0-1"]
[WhiteElo "2310"]
[BlackElo "2225"]
[PlyCount "90"]
[EventDate "1982.09.08"]
[EventType "swiss"]
[EventRounds "9"]
[EventCountry "ENG"]
[SourceTitle "Bulletin 1982"]

1. e4 c5 2. c3 Nf6 3. e5 Nd5 4. d4 cxd4 5. Nf3 d6 6. Bc4 Nb6 7. Bb3 e6 8. cxd4
dxe5 9. Nxe5 Nc6 10. Qf3 Bb4+ 11. Nc3 O-O 12. Nxc6 bxc6 13. O-O Qxd4 14. Rd1
Qf6 15. Qxf6 gxf6 16. Bh6 Re8 17. Ne4 Be7 18. Rd3 Kh8 19. Nd6 Bxd6 20. Rxd6 Bb7
21. Rad1 c5 22. f3 Kg8 23. Kf2 Bd5 24. Bxd5 Nxd5 25. Rc1 Rab8 26. b3 Rbc8 27.
Rd7 a6 28. Ra7 f5 29. Ke2 Rc6 30. Bd2 Kg7 31. g4 fxg4 32. fxg4 Rec8 33. Ba5 e5
34. Kd3 Kg6 35. g5 f5 36. gxf6 Nxf6 37. Kc4 Rd6 38. Bc3 Rd4+ 39. Bxd4 cxd4+ 40.
Kd3 Rxc1 41. Rxa6 Rc3+ 42. Kd2 e4 43. b4 e3+ 44. Ke2 Rc2+ 45. Kf3 Rf2+ {
Source: Bulletin 1982} 0-1

[Event "Benedictine op 5th"]
[Site "Manchester"]
[Date "1982.09.10"]
[Round "3"]
[White "Sznapik, Aleksander"]
[Black "Kosten, Anthony C"]
[Result "1-0"]
[WhiteElo "2480"]
[BlackElo "2340"]
[PlyCount "89"]
[EventDate "1982.09.08"]
[EventType "swiss"]
[EventRounds "9"]
[EventCountry "ENG"]
[SourceTitle "Bulletin 1982"]

1. e4 e5 2. Nf3 Nf6 3. Nxe5 d6 4. Nf3 Nxe4 5. d4 d5 6. Bd3 Bd6 7. O-O O-O 8. c4
c6 9. Qc2 Na6 10. a3 f5 11. Nc3 Nc7 12. cxd5 cxd5 13. Qb3 Kh8 14. Ne2 f4 15.
Nc3 Ng5 16. Be2 b6 17. Nxg5 Qxg5 18. Bf3 Ba6 19. Re1 Rae8 20. Bd2 Bc4 21. Qd1
Qf6 22. Rxe8 Rxe8 23. Be1 Qf5 24. h3 Bd3 25. Rc1 Be4 26. Bg4 Qf7 27. Nxe4 dxe4
28. Rc6 Qe7 29. Qc2 e3 30. fxe3 fxe3 31. Bb4 Nb5 32. Qd3 a6 33. Bxd6 Nxd6 34.
Rxb6 a5 35. Qa6 Nf5 36. Qd3 Qc7 37. Rb5 Qc1+ 38. Qf1 Qxf1+ 39. Kxf1 Nxd4 40.
Rxa5 Kg8 41. Ke1 Nc2+ 42. Ke2 Re4 43. Kd3 e2 44. Bxe2 Re3+ 45. Kd2 {Source:
Bulletin 1982} 1-0

[Event "Benedictine op 5th"]
[Site "Manchester"]
[Date "1982.09.10"]
[Round "3"]
[White "Hebden, Mark L"]
[Black "Miles, Anthony J"]
[Result "1/2-1/2"]
[WhiteElo "2415"]
[BlackElo "2565"]
[PlyCount "88"]
[EventDate "1982.09.08"]
[EventType "swiss"]
[EventRounds "9"]
[EventCountry "ENG"]
[SourceTitle "Bulletin 1982"]

1. e4 c5 2. f4 e6 3. Nf3 Nc6 4. Nc3 d5 5. Bb5 Nge7 6. exd5 Nxd5 7. Ne5 Bd7 8.
Bxc6 Bxc6 9. Nxc6 bxc6 10. O-O Be7 11. Qe2 O-O 12. Ne4 f5 13. Nc3 Qd6 14. d3
Bf6 15. Bd2 Rab8 16. Rab1 Rfe8 17. Qf3 Nb4 18. Qd1 c4 19. a3 Nd5 20. Qf3 Red8
21. dxc4 Nb6 22. Rbd1 Nxc4 23. Bc1 Qc5+ 24. Kh1 Nxa3 25. Qe2 Qe7 26. bxa3 Bxc3
27. Qc4 Rxd1 28. Rxd1 Bf6 29. Be3 Rc8 30. Bxa7 c5 31. a4 Kh8 32. Bb6 e5 33.
fxe5 Bxe5 34. a5 Qf6 35. Qd5 h6 36. Bd8 Qf8 37. a6 Bc7 38. Bxc7 Rxc7 39. h3 Kh7
40. Rb1 Qf6 41. Qa8 Re7 42. Qc8 Ra7 43. Rf1 Rxa6 44. Qxf5+ Qg6 {Source:
Bulletin 1982} 1/2-1/2

[Event "Benedictine op 5th"]
[Site "Manchester"]
[Date "1982.09.10"]
[Round "3"]
[White "Forintos, Gyozo V"]
[Black "Filipowicz, Andrzej"]
[Result "1/2-1/2"]
[WhiteElo "2410"]
[BlackElo "2395"]
[PlyCount "83"]
[EventDate "1982.09.08"]
[EventType "swiss"]
[EventRounds "9"]
[EventCountry "ENG"]
[SourceTitle "Bulletin 1982"]

1. d4 Nf6 2. c4 c5 3. d5 d6 4. Nc3 g6 5. e4 Bg7 6. Be2 Na6 7. Nf3 Nc7 8. h3 a6
9. a4 b6 10. Bf4 Nh5 11. Bg5 h6 12. Be3 e5 13. dxe6 Nxe6 14. Qd2 Ra7 15. Rd1
Rd7 16. O-O Bb7 17. Rfe1 Bc6 18. Nd5 Nf6 19. Bd3 g5 20. Nh2 O-O 21. b3 Re8 22.
Nf1 Nf8 23. Ng3 Ng6 24. Bc2 Nh4 25. b4 Bxd5 26. exd5 Rde7 27. a5 g4 28. Nf5
Nxf5 29. Bxf5 Ne4 30. Bxe4 Rxe4 31. hxg4 Rxc4 32. bxc5 bxc5 33. Qe2 Ra4 34.
Qxa6 Rxa5 35. Qc6 Bf8 36. g3 Qc8 37. Qb6 Ra6 38. Qb5 Ra8 39. g5 hxg5 40. Bxg5
Qg4 41. Bf4 Re4 42. Be3 {Source: Bulletin 1982} 1/2-1/2